Những rủi ro khi nhận chuyển nhượng suất tái định cư là đất ở chưa có giấy chứng nhận quyền sử dụng đất /

Αποθηκεύτηκε σε:
Λεπτομέρειες βιβλιογραφικής εγγραφής
Κύριος συγγραφέας: Phan Trung Hiền.
Άλλοι συγγραφείς: Phạm Hồng Du.
Μορφή: Άρθρο
Γλώσσα:Vietnamese
Θέματα:
Ετικέτες: Προσθήκη ετικέτας
Δεν υπάρχουν, Καταχωρήστε ετικέτα πρώτοι!
Thư viện lưu trữ: Thư viện Trường Đại học Đà Lạt
LEADER 00882nam a2200265 4500
001 DLU200195040
005 ##20200929
040 # # |a DLU  |b vie 
041 # # |a vie 
044 # # |a vn 
100 # # |a Phan Trung Hiền. 
245 # # |a Những rủi ro khi nhận chuyển nhượng suất tái định cư là đất ở chưa có giấy chứng nhận quyền sử dụng đất /  |c Phan Trung Hiền, Phạm Hồng Du. 
653 # # |a Chuyển nhượng đất 
653 # # |a Suất tái định cư 
653 # # |a Tái định cư 
700 # # |a Phạm Hồng Du. 
773 # # |t Nghề luật  |g Số 1, 2018, tr. 47-53 
920 # # |a Phòng Tạp chí -- Trung tâm Thông tin - Thư viện Trường Đại học Đà Lạt 
900 # # |a True 
911 # # |a Nguyễn Thị Thu Phương 
925 # # |a G 
926 # # |a A 
927 # # |a BB 
980 # # |a Thư viện Trường Đại học Đà Lạt